000
00283nam a2200121 a 4500
008
100921s1963|||| d
245
1
0
_a
Tancovala jedno leto
100
1
_a
Ekström, Per Olof
260
_b
Smena
_a
Bratislava
_c
1963
020
_c
15
044
_a
xo
_c
SK
041
_a
slo
999
_c
10546
_d
10546